Blancas inquietudes
Saved in:
| Hovedforfatter: | |
|---|---|
| Format: | Bog |
| Sprog: | spansk |
| Udgivet: |
Santander
Shangrila Textos Aparte
2015
|
| Udgivelse: | 1a. ed |
| Serier: | Contracampo Libros, 10
|
| Fag: | |
| Tags: |
Tilføj Tag
Ingen Tags, Vær først til at tagge denne postø!
|
MARC
| LEADER | 00000cam a2200000 a 4500 | ||
|---|---|---|---|
| 001 | UCE8392 | ||
| 003 | CL-VaPUC | ||
| 008 | 150731e20150000sp |||||||||||||||||spa|d | ||
| 020 | |a 9788494254574 | ||
| 082 | 0 | 4 | |a 701.15 |b DID |2 21 |
| 100 | |a Didi-Huberman, Georges |e author |9 598908 | ||
| 245 | 1 | 0 | |a Blancas inquietudes |
| 250 | |a 1a. ed | ||
| 300 | |a 118 p | ||
| 942 | |c BK | ||
| 945 | |d 20150731 12:25:00 |a gsalatino | ||
| 260 | |a Santander |b Shangrila Textos Aparte |c 2015 | ||
| 650 | 0 | |a Estética |9 264950 | |
| 650 | 0 | |a Crítica e interpretación |9 255042 | |
| 650 | 0 | |a Filosofía del arte |9 264951 | |
| 650 | 0 | |a Semiótica |9 265317 | |
| 583 | |a last modification |c 20150731 12:25:00 |k Rodrigo Vera | ||
| 490 | 0 | |a Contracampo Libros, 10 | |
| 999 | |c 360263 |d 360261 | ||
| 952 | |0 0 |1 0 |3 erb |4 0 |6 701_150000000000000_DID_2015 |7 0 |8 A |9 469969 |a BIBART |b BIBART |i 5192161 |o 701.15 DID 2015 |p 5192161 |r 2023-01-11 |w 2019-11-23 |y BK |z Catalogado en:20150731 |k ART | ||